Facility management : risks and opportunities. (Record no. 101010)

MARC details
000 -LEADER
fixed length control field 00878cam a2200229 4500
008 - FIXED-LENGTH DATA ELEMENTS--GENERAL INFORMATION
fixed length control field 000000n2000 000 0 eng u
020 ## - INTERNATIONAL STANDARD BOOK NUMBER
International Standard Book Number 0632057971
035 ## - SYSTEM CONTROL NUMBER
System control number (Sirsi) u109847
050 ## - LIBRARY OF CONGRESS CALL NUMBER
Classification number 658.2
100 ## - MAIN ENTRY--PERSONAL NAME
Personal name Nutt, Bev
245 ## - TITLE STATEMENT
Title Facility management : risks and opportunities.
260 ## - PUBLICATION, DISTRIBUTION, ETC.
Place of publication, distribution, etc. Oxford
Name of publisher, distributor, etc. Blackwell Science
Date of publication, distribution, etc. 2000
300 ## - PHYSICAL DESCRIPTION
Extent x, 278p. ; 26cm.
350 ## - PRICE (NR) (BK AM CF MU VM SE) [OBSOLETE]
Price 59.95
520 ## - SUMMARY, ETC.
Summary, etc. This book aims to build up a distinctive body of FM knowledge and practice. It examines the key issues - from PFI to e-commerce - with expert opinions from major players in FM, providing insights into current and emerging best practice.
650 ## - SUBJECT ADDED ENTRY--TOPICAL TERM
Topical term or geographic name entry element Property management
9 (RLIN) 6262
650 ## - SUBJECT ADDED ENTRY--TOPICAL TERM
Topical term or geographic name entry element ASSET MANAGEMENT
650 ## - SUBJECT ADDED ENTRY--TOPICAL TERM
Topical term or geographic name entry element BUILT ENVIRONMENT-BUILDING MAINTENANCE AND REFURBISHMENT
690 ## - LOCAL SUBJECT ADDED ENTRY--TOPICAL TERM (OCLC, RLIN)
Topical term or geographic name as entry element FACILITIES MANAGEMENT
9 (RLIN) 6240
700 ## - ADDED ENTRY--PERSONAL NAME
Personal name McLennan, Peter
942 ## - ADDED ENTRY ELEMENTS (KOHA)
Suppress in OPAC 0
Holdings
Withdrawn status Lost status Source of classification or shelving scheme Damaged status Not for loan Home library Current library Shelving location Date acquired Cost, normal purchase price Total Checkouts Full call number Barcode Date last seen Date last checked out Copy number Cost, replacement price Price effective from Koha item type
    Dewey Decimal Classification     London London Books 12/02/2001 59.95 33 658.2 NUT 30063405 06/08/2019 17/08/2009 1 59.95 06/08/2019 Book